Âm nhạc cổ truyền Quảng Trị
Gespeichert in:
| Format: | Buch |
|---|---|
| Veröffentlicht: |
Hà Nội
Viện Âm nhạc. Sở văn hóa - thông tin văn nghệ thuật Quảng Trị
1997
|
| Schlagworte: | |
| Tags: |
Tag hinzufügen
Keine Tags, Fügen Sie den ersten Tag hinzu!
|
| Thư viện lưu trữ: | Trung tâm Học liệu Lê Vũ Hùng, Trường Đại học Đồng Tháp |
|---|
| LEADER | 00849pam a22002658a 4500 | ||
|---|---|---|---|
| 001 | 00036967 | ||
| 005 | 20171026081023.0 | ||
| 008 | 170412s1997 ||||||Viesd | ||
| 041 | 0 | # | |a Vie |
| 082 | 1 | # | |b Â120NH |a 781.62 |
| 245 | 0 | 0 | |a Âm nhạc cổ truyền Quảng Trị |
| 260 | # | # | |a Hà Nội |b Viện Âm nhạc. Sở văn hóa - thông tin văn nghệ thuật Quảng Trị |c 1997 |
| 300 | # | # | |a 349 tr. |c 27 cm. |
| 650 | |a Âm nhạc | ||
| 653 | # | # | |a Cổ truyền |
| 653 | # | # | |a Âm nhạc |
| 653 | # | # | |a Việt Nam |
| 653 | # | # | |a Quảng Trị |
| 852 | # | # | |b Kho mượn |j KM.0020806 |
| 852 | # | # | |j KM.0020806 |j KD.0019877 |j KM.0025134 |
| 852 | # | # | |b Kho đọc |j KD.0019877 |
| 910 | # | # | |d 12/04/2017 |
| 980 | # | # | |a Trung tâm Học liệu Lê Vũ Hùng, Trường Đại học Đồng Tháp |